List of IMF Member Countries with Delays in Completion of Article IV Consultations or Mandatory Financial Stability Assessments over 18 Months.

In accordance with Executive Board Decision No. 15106-(12/21), the Fund will publish on its external website a list of member countries whose Article IV consultations or mandatory financial stability assessments have been delayed by more than 18 months, as of June15, 2018, since the expected deadlin...

Täydet tiedot

Bibliografiset tiedot
Yhteisötekijä: International Monetary Fund. Strategy, Policy, and Review Department
Aineistotyyppi: Aikakauslehti
Kieli:English
Julkaistu: Washington, D.C. : International Monetary Fund, 2018.
Sarja:Policy Papers; Policy Paper ; No. 2018/034
Aiheet:
Linkit:Full text available on IMF
LEADER 01798cas a2200301 a 4500
001 AALejournalIMF019235
008 230101c9999 xx r poo 0 0eng d
020 |c 5.00 USD 
020 |z 9781498309066 
022 |a 2663-3493 
040 |a BD-DhAAL  |c BD-DhAAL 
110 2 |a International Monetary Fund.  |b Strategy, Policy, and Review Department. 
245 1 0 |a List of IMF Member Countries with Delays in Completion of Article IV Consultations or Mandatory Financial Stability Assessments over 18 Months. 
264 1 |a Washington, D.C. :  |b International Monetary Fund,  |c 2018. 
300 |a 1 online resource (4 pages) 
490 1 |a Policy Papers 
500 |a <strong>Off-Campus Access:</strong> No User ID or Password Required 
500 |a <strong>On-Campus Access:</strong> No User ID or Password Required 
506 |a Electronic access restricted to authorized BRAC University faculty, staff and students 
520 3 |a In accordance with Executive Board Decision No. 15106-(12/21), the Fund will publish on its external website a list of member countries whose Article IV consultations or mandatory financial stability assessments have been delayed by more than 18 months, as of June15, 2018, since the expected deadline for conclusion. The latest version of this list, as shown in Appendix I, will be published on the Fund's external website on or after June 27, 2018. 
538 |a Mode of access: Internet 
650 7 |a Delay  |2 imf 
650 7 |a Delays in Completion  |2 imf 
650 7 |a List Of Imf Member Country  |2 imf 
650 7 |a Mandatory Financial Stability Assessment  |2 imf 
650 7 |a PP  |2 imf 
830 0 |a Policy Papers; Policy Paper ;  |v No. 2018/034 
856 4 0 |z Full text available on IMF  |u http://elibrary.imf.org/view/journals/007/2018/034/007.2018.issue-034-en.xml  |z IMF e-Library